| 000 | 00872nam a2200241 i 4500 | ||
|---|---|---|---|
| 003 | CSPC | ||
| 005 | 20251210150502.0 | ||
| 008 | 251210s2023 ph a 000 0 eng d | ||
| 020 | _a9789712737800 | ||
| 040 |
_aCSPC _beng _cCSPC _erda |
||
| 082 | 0 | 4 |
_a372.4 _bAb299 |
| 110 | 1 | _aReading Specialists, | |
| 245 | 0 | 0 |
_aABCs of reading : _bHow to teach kids to read / _cReading Specialists. |
| 264 | 1 |
_aMandaluyong City, Philippines : _bAnvil Publishing, Inc., _c2023. |
|
| 300 |
_a96 pages : _billustrations ; _c23 cm. |
||
| 336 |
_2rdacontent _atext |
||
| 337 |
_2rdamedia _aunmediated |
||
| 338 |
_2rdacarrier _avolume |
||
| 650 | 1 | 0 | _aDevelopmental leraning. |
| 700 | 1 |
_aAgsaway, Domz, _eillustrator. |
|
| 942 |
_2ddc _n0 _cBK _h372.4 _iAb299 _kFIL _m2023 |
||
| 999 |
_c31169 _d31169 |
||